000 00617nam a2200181 a 4500
005 20140412111251.0
008 000825s19uu xx 00 eng d
020 _a0-06-443162-2
050 _aTR(PS E
_bMi58 1975
100 _aCarle, Eric
245 _aMixed-Up Chamelon (The) /
_cby Eric Carle.
260 _aU. S. A :
_bHarper Trophy Book,
_c1984.
300 _a1 v. (unp.) ; ill.
520 _aA bored chamelon wishes it could be more like all the other animals it sees, but soon decides it would rather just be itself.
650 _aChamelons-Fiction
650 _aSelf-acceptance-Fiction
999 _c103147
_d103147